| 000 | 00949nam a2200229 a 4500 | ||
|---|---|---|---|
| 001 | 000021790 | ||
| 005 | 20200930011442.0 | ||
| 008 | 100913s2002 dr a 000 0 spa d | ||
| 040 |
_aDO-SdBNP _bspa _cBNPHU |
||
| 082 |
_a923.2 _bB352m |
||
| 100 | 1 |
_aBautista Ramos, José Eligio _d1930- _945266 |
|
| 245 | 1 | 0 |
_aMameyón : _breseñas y documentos / _cJosé Eligio Bautista Ramos : prólogo Rafael Leonidas Herasme Acosta. |
| 260 |
_aSanto Domingo : _bCentenario, _c2002. |
||
| 300 |
_a362 p. : _bretrs. ; _c26 cm. |
||
| 500 | _aIncluye datos biográficos del autor en las solapas. | ||
| 600 | 1 | 4 |
_aBAUTISTA RAMOS, JOSÉ ELIGIO _d1930- _945267 |
| 651 | 4 |
_aRepública Dominicana _xPolítica Y Gobierno _y1961- _9204 |
|
| 651 | 4 |
_aRepública Dominicana _xPolítica Y Gobierno _y1930-1961 _9479 |
|
| 650 | 4 |
_aViolencia política _xHistoria _ySIGLO 20 _zRepública Dominicana _945268 |
|
| 700 | 1 |
_aHerasme Acosta, Rafael Leonidas _epról. _945269 |
|
| 049 | _aBNPD | ||
| 999 |
_c21289 _d21289 |
||